LIBRARY & INFORMATION CENTRE, KCAET, TAVANUR

ONLINE PUBLIC ACCESS CATALOGUE (OPAC)

Applied solar energy / (Record no. 7419)

MARC details
000 -LEADER
fixed length control field 00438cam a2200181ua 4500
020 ## - INTERNATIONAL STANDARD BOOK NUMBER
ISBN 0-408102447
041 ## - LANGUAGE CODE
Language code of text/sound track or separate title eng
082 ## - DEWEY DECIMAL CLASSIFICATION NUMBER
Classification number 621.47
Item number KUT/AP
100 ## - MAIN ENTRY--AUTHOR NAME
Personal name Kut, David .
245 ## - TITLE STATEMENT
Title Applied solar energy /
250 ## - EDITION STATEMENT
Edition statement 2 /
260 ## - PUBLICATION, DISTRIBUTION, ETC. (IMPRINT)
Place of publication London :
Name of publisher Butterworth Scientific ,
Year of publication 1983.
300 ## - PHYSICAL DESCRIPTION
Number of Pages 190 ; .
700 1# - ADDED ENTRY--PERSONAL NAME
Personal name Hare, Gerard .
942 ## - ADDED ENTRY ELEMENTS (KOHA)
Koha item type Books
Holdings
Withdrawn status Lost status Damaged status Home library Current library Date acquired Full call number Accession Number Koha item type
      KAUAET KAUAET 20/08/1986 621.47 15470 Books
free website counter